نظم المعلومات الجغرافية الدليل العملي الكامل لنظام ARCVIEW 9 / (رقم التسجيلة. 116077)

تفاصيل مارك
000 -LEADER
fixed length control field 00595nam a22001817a 4500
005 - DATE AND TIME OF LATEST TRANSACTION
control field 20251108174717.0
008 - FIXED-LENGTH DATA ELEMENTS--GENERAL INFORMATION
fixed length control field 250721s2007 xx 000 0 ara d
082 14 - DEWEY DECIMAL CLASSIFICATION NUMBER
Classification number 910.10285/زرق
100 1# - MAIN ENTRY--PERSONAL NAME
Personal name زرقطة، هيثم يوسف
245 10 - TITLE STATEMENT
Title نظم المعلومات الجغرافية الدليل العملي الكامل لنظام ARCVIEW 9 /
264 1# - PRODUCTION, PUBLICATION, DISTRIBUTION, MANUFACTURE, AND COPYRIGHT NOTICE
Place of production, publication, distribution, manufacture حلب :
Name of producer, publisher, distributor, manufacturer شعاع للنشر،
Date of production, publication, distribution, manufacture, or copyright notice 2007.
300 ## - PHYSICAL DESCRIPTION
Extent 391ص.
650 17 - SUBJECT ADDED ENTRY--TOPICAL TERM
Topical term or geographic name as entry element الجغرافيا
650 17 - SUBJECT ADDED ENTRY--TOPICAL TERM
Topical term or geographic name as entry element الحاسوب
650 17 - SUBJECT ADDED ENTRY--TOPICAL TERM
Topical term or geographic name as entry element نظم المعلومات الجغرافيه
942 ## - ADDED ENTRY ELEMENTS (KOHA)
Source of classification or shelving scheme Dewey Decimal Classification
Koha item type كتب
المقتنيات
حالة السحب حالة الفقدان مصدر التصنيف حالة التلف غير قابل للإعارة المكتبة الرئيسية المكتبة الحالية موقع الرف تاريخ التزويد الرقم المتسلسل Total Checkouts رقم الإستدعاء تاريخ آخر ظهور تاريخ الفاتورة نوع المادة (كوها) الباركود
    Dewey Decimal Classification     المكتبة المركزية المكتبة المركزية مقتنيات قسم التزويد 28/07/2025 1252507   910.10285/زرق 28/07/2025 28/07/2025 كتب  
    Dewey Decimal Classification     المكتبة المركزية المكتبة المركزية مقتنيات قسم التزويد 28/07/2025 1252508   910.10285/زرق 28/07/2025 28/07/2025 كتب  
    Dewey Decimal Classification     المكتبة المركزية المكتبة المركزية مقتنيات قسم التزويد 28/07/2025 1252509   910.10285/زرق 28/07/2025 28/07/2025 كتب  
    Dewey Decimal Classification     المكتبة المركزية المكتبة المركزية مقتنيات قسم التزويد 28/07/2025 1729759   910.10285/زرق 28/07/2025 28/07/2025 كتب  
    Dewey Decimal Classification     مكتبة أبو علندا العامة مكتبة أبو علندا العامة الإعارة 31/01/2009 1252510   910.10285/زرق 28/07/2025 31/01/2009 كتب PLD00069031
    Dewey Decimal Classification     مكتبة الأميرة ايمان العامة مكتبة الأميرة ايمان العامة الإعارة 31/01/2009 1252511   910.10285/زرق 28/07/2025 31/01/2009 كتب PLD00069032
Withdrawn   Dewey Decimal Classification     مكتبة الاميرة بديعة مكتبة الاميرة بديعة الإعارة 31/01/2009 1252512   910.10285/زرق 28/07/2025 31/01/2009 كتب PLD00069033
    Dewey Decimal Classification     مكتبة الجويدة مكتبة الجويدة الإعارة 31/01/2009 1252513   910.10285/زرق 28/07/2025 31/01/2009 كتب PLD00069034
    Dewey Decimal Classification     مكتبة النصر العامة مكتبة النصر العامة الإعارة 31/01/2009 1252515   910.10285/زرق 28/07/2025 31/01/2009 كتب PLD00069036
    Dewey Decimal Classification     مكتبة وادي السير العامة مكتبة وادي السير العامة الإعارة 31/01/2009 1252523   910.10285/زرق 28/07/2025 31/01/2009 كتب PLD00069044
Implemented & Customized by: BBB with SCIT (Smart Chains for Information Technology)

Powered by Koha